| 000 | 00560nam a22002177a 4500 | ||
|---|---|---|---|
| 003 | OSt | ||
| 008 | 260623b |||||||| |||| 00| 0 eng d | ||
| 020 | _a9788126511082 | ||
| 082 |
_a579.5 _bA38I |
||
| 100 | _aAlexopoulos, C.J. | ||
| 245 |
_aIntroductory Mycology _cAlexopoulos, C.J. |
||
| 250 | _a4th Edition | ||
| 260 |
_aSingapore, _bJohn Wiley & Sons _c2025 |
||
| 300 | _ax. 869 p. | ||
| 650 | _aMycology | ||
| 650 | _aFungal Taxonomy | ||
| 650 | _aMyxomycetes / Slime Molds | ||
| 700 | _aMims, C.W. | ||
| 700 | _aBlackwell, M. | ||
| 942 |
_2ddc _cBK |
||
| 999 |
_c52226 _d52226 |
||